00560nam a22001457a 4500040000900000082001200009100002500021110003400046245014200080260004400222650001300266942001300279999001900292952010300311 cNUST a200 THE aWaleed Asif 9104909 aSupervisor: Dr. Afshan Naseem aTH-SOF-2114-A Model for Sustainable Performance Impact of Green Innovation and Moderating Effect of Green Human Capital on Sustainability aISLAMABAD:bNUST COLLEGE OF EME,c2022. aMS-EM-19 2ddccTHE c592696d592696 00102ddc4070aCEMEbCEMEcTHEd2022-12-15l0o200 THEpTH-SOF-2114r2022-12-15w2022-12-15yREF